1657 1738 1471 1160 1659 1174 1830 1150 1362 1626 1321 1419 1579 1297 1081 1957 1052 1674 1794 1088 1358 1573 1449 1904 1285 1201 1632 1659 1880 1435 1307 1698 1086 1883 1206 1333 1232 1752 1630 1492 1184 1522 1313 1028 1136 1153 1855 1803 1223 1821 1655 1994 1058 1569 1400 1603 1754 1401 1305 1260 1892 1885 1264 1687 1372 1917 1660 1915 1655 1407 1544 1639 1135 1366 1469 1882 1039 1107 1454 1792 1300 1855 1618 1679 1253 1327 1096 1095 1005 1672 1088 1835 1320 1432 1736 1602 1932 1997 1225 BCNSPRNW ULIB Ver.6.0+V

เปลี่ยนเป็นภาษาไทย

Change to English
 แสดงรายละเอียดบรรณานุกรม
  กลับหน้าหลัก

Brief Record : Get Marc (ISO 2709) : E-mail record : QR code < ปิดหน้าต่าง
LEADER : 00000nam 2200000uu 4500
001    13399121674
003     ULIB
008    121129s2548||||th 000 0 tha d
020    ^a9746056832
020    ^a9789746056830
060 04 ^aWS104^bส236พ
100 0  ^aสมจิตร์ จารุรัตนศิริกุล
245 10 ^aพัฒนาการของระบบอวัยวะเพศและความผิดปกติที่พบในผู้ป่วยเด็ก /^cสมจิตร์ จารุรัตนศิริกุล ; บรรณาธิการ, พุฒิศักดิ์ พุทธวิบูลย์
250    ^aพิมพ์ครั้งที่ 2
260    ^aสงขลา :^bหน่วยผลิตตำราคณะแพทยศาสตร์มหาวิทยาลัยสงขลานครินทร์,^c2548
300    ^a143 หน้า :^bภาพประกอบ ;^c30 ซม.
650  7 ^aโครโมโซมเพศ
650  7 ^aต่อมเพศ
650  7 ^aอวัยวะสืบพันธุ์
700 0  ^aพุฒิศักดิ์ พุทธวิบูลย์,^eบรรณาธิการ
710 2  ^aมหาวิทยาลัยสงขลานครินทร์. ^bหน่วยผลิตตำราคณะแพทยศาสตร์
945    ^p180^l0^i24322
995    ^aวิภา
999 ^a ใช้งานได้ทุกระบบ
รายการนี้ยังไม่มีแท็ก
คุณยังไม่ได้ล็อกอิน คุณสามารถมีกิจกรรมร่วมกับเว็บไซต์ได้ แต่ต้องล็อกอินก่อน ::
  ล็อกอิน

รายการสื่อสารสนเทศ

ลำดับที่ ประเภท เลขเรียก/บาร์โค้ด สถานที่ สถานะ
1. วิทยาศาสตร์การแพทย์ และสุขภาพ
วิทยาศาสตร์การแพทย์ และสุขภาพ
WS104 ส236พ  
  Barcode: 24322
ห้องสมุดวิทยาเขตสวรรค์ประชารักษ์
►หนังสือทั่วไป
บนชั้น

รายการใกล้เคียง
    ผู้แต่ง [สมจิตร์ จารุรัตนศิริกุล]

    หัวเรื่อง [อวัยวะสืบพันธุ์]

BibComment


ยังไม่เคยถูกคอมเมนท์

คอมเมนท์ทรัพยากรรายการนี้
  คอมเมนท์: พัฒนาการของระบบอ..


 Copyright 2026. Bcnsprnw @Library